| 000 | 01030nam a2200229Ia 4500 | ||
|---|---|---|---|
| 001 | 19302 | ||
| 005 | 20260417182234.0 | ||
| 008 | 260306t2016||||xx |||||||||||||| ||spa|| | ||
| 041 | _aESP | ||
| 082 |
_a658.83 _bM19C |
||
| 100 |
_aMalhotra, Naresh _eAUT |
||
| 245 | 0 |
_aInvestigación de mercados: _bconceptos esenciales |
|
| 260 | _c2016 | ||
| 300 |
_axxv, 408 páginas : _c27 cm. |
||
| 650 | _aGEN | ||
| 654 | _aCAN | ||
| 856 |
_uhttps://itmsp.museknowledge.com/UCSP?url=https://www.ebooks7-24.com:443/?il=10289&pg=1 _zVersión digital (2020) |
||
| 856 |
_uhttps://0u213wxfr-y-https-ebooks7--24-com.itmsp.museknowledge.com/biblioteca.aspx _zVéase además: Base de datos Ebook7-24 |
||
| 856 |
_uhttps://0u20fwxfw-y-https-research-ebsco-com.itmsp.museknowledge.com/c/qxo6us/search _zVéase además: Base de datos EBSCOhost |
||
| 856 |
_uhttps://0u20vwwy8-y-https-ebookcentral-proquest-com.itmsp.museknowledge.com/lib/catolicasp/home.action _zVéase además: Base de datos ProQuest Ebook Central |
||
| 942 |
_cLIB _dJUS _fJUS _2ddc |
||
| 999 |
_c19302 _d19302 |
||